Разграбленный во время беспорядков в Судетской области еврейский магазин : фотография

RUSMARC
00003451ckm0a2200229#x 450
001d6a9c033-12d7-4e23-af90-965432594727
00520200414151749.0
100##$a20200331j19380920k###0rusy50 ca
102##$aCZ
1220#$ad19380920##
2001#$aРазграбленный во время беспорядков в Судетской области еврейский магазин : фотография
$j20 сентября 1938 г.
251##$cДокумент
461#0$12001
$aРГАКФД
$1251
$cФонд
$1852
$jРГАКФД
462#0$12001
$aОп. 1
$1251
$cОпись
$1852
$j1
462#0$12001
$aАл. 8236
$vСн. 52
$1251
$cДело
$1852
$j8236
605##$aВторая мировая война в архивных документах (Комплекс оцифрованных архивных документов, кино- и фотоматериалов)
$lколлекция
$2prlib_sh
$3LIBNET\UAF\0000088514
617##$aЧехословакия
$f1938
$2prlib_sh
801#0$aRU
$bПБ им. Б.Н. Ельцина
$c20200331
801#1$aRU
$bПБ им. Б.Н. Ельцина
$c20200331
$2rusmarc
801#2$aRU
$bПБ им. Б.Н. Ельцина
$c20200414
$2rusmarc
850##$aРоссийский государственный архив кинофотодокументов
852##$aРГАКФД
$jСн. 52
035##$aLIBNET\0001067840
937##$d144019849
$hРоссийский государственный архив кинофотодокументов
8564#$uhttp://readingroom.main.prlib.ru/item.aspx?id_node=n144019849&mode=full
Формат отображения